000 00747nam a2200289Ia 4500
005 20260324134358.0
008 008 260324s9999 xx 000 0 eng d
020 _a9780203471739
037 _aEBOOK
040 _aCRL
040 _beng
040 _cCRL
041 _2eng
041 _aeng
084 _qCRL
100 _aGiles Scott-Smith
_91196595
245 4 _aThe Politics of Apolitical Culture
245 4 _bThe Congress for Cultural Freedom and the Political Economy of American Hegemony 1945-1955
260 _bTaylor and Francis
260 _c2002
365 _a
365 _b280
856 _uhttp://www.taylorfrancis.com/books/9780203471739
942 _cEBOOK
999 _c1796631
_d1796631